Smartest Cities in the World - Statistics

General Stats
  • This quiz has been taken 133 times
  • The average score is 14 of 20
Answer Stats
Rank Continent City % Correct
18 Oceania Sydney
97%
6 Europe London
96%
2 Europe Oslo
87%
15 Europe Amsterdam
84%
10 Europe Stockholm
84%
8 Europe Helsinki
83%
4 Europe Copenhagen
82%
7 Asia Singapore
82%
16 Asia Seoul
80%
1 Europe Zurich
78%
12 Asia Beijing
75%
3 Oceania Canberra
72%
20 Europe Munich
70%
9 Europe Geneva
66%
11 Europe Hamburg
64%
19 Asia Hong Kong
60%
14 Europe Prague
54%
17 Asia Dubai
46%
13 Asia Abu Dhabi
32%
5 Europe Lausanne
14%
No matching quizzes found
Score Distribution
Percent of People with Each Score
Percentile by Number Answered
Your Score History
You have not taken this quiz